|
|
|
|
| LEADER |
01583nam a22003017a 4500 |
| 001 |
41756 |
| 003 |
BD-DhAAL |
| 008 |
230925r20001992bg a|||| b||| 00| 0 ben d |
| 020 |
|
|
|a 9840740512
|
| 040 |
|
|
|a BD-DhAAL
|c BD-DhAAL
|
| 041 |
|
|
|a ben
|
| 082 |
|
|
|a 592.095492
|2 23
|
| 100 |
|
|
|a আলী, শাহাদাত.
|9 55568
|
| 245 |
|
|
|a বাংলাদেশের মিঠাপানির অমেরুদণ্ডী প্রাণী /
|c শাহাদাত আলী ও তপন চক্রবর্তী.
|
| 246 |
|
|
|a Bangladesher mitha panir amerudandi prani
|
| 246 |
|
|
|a A book on freshwater invertebrates of Bangladesh
|
| 260 |
|
|
|a ঢাকা :
|b বাংলা একাডেমী,
|c ১৯৯২ [পুনর্মুদ্রণ ২০০০].
|
| 300 |
|
|
|a ২৫২ পৃষ্ঠা :
|b চিত্র ;
|c ২২ সে.মি.
|
| 504 |
|
|
|a গ্রন্থপঞ্জিগত নির্দেশিকা অন্তর্ভুক্ত (পৃষ্ঠা [২৫০]-২৫২)।
|
| 526 |
|
|
|a BIED
|
| 541 |
|
|
|a Complimentary copy from BIED
|e 41756
|
| 650 |
|
|
|a Freshwater invertebrates
|z Bangladesh.
|9 55569
|
| 650 |
|
|
|a Zoology.
|9 36510
|
| 700 |
|
|
|a চক্রবর্তী, তপন.
|
| 852 |
|
|
|a Ayesha Abed Library
|c BIED Collection
|
| 942 |
|
|
|2 ddc
|c BK
|
| 999 |
|
|
|c 46164
|d 46164
|
| 952 |
|
|
|0 0
|1 0
|2 ddc
|4 0
|6 592_095492000000000_ALI
|7 0
|9 74436
|a BRACUL
|b BRACUL
|c GEN
|d 2023-09-25
|e Complimentary copy from BIED
|g 130.00
|l 1
|o 592.095492 ALI
|p 3010041756
|r 2025-10-08
|s 2025-09-21
|t 1
|w 2023-09-25
|y BK
|x Transferred from BIED to General Stacks
|